Retrofitting for energy conservation (Record no. 104429)

MARC details
000 -LEADER
fixed length control field 00728cam a2200205 4500
001 - CONTROL NUMBER
control field ##L130291
008 - FIXED-LENGTH DATA ELEMENTS--GENERAL INFORMATION
fixed length control field 050712n1997 000 0 eng u
020 ## - INTERNATIONAL STANDARD BOOK NUMBER
International Standard Book Number 0070119201
035 ## - SYSTEM CONTROL NUMBER
System control number (Sirsi) u130291
041 04 - LANGUAGE CODE
Language code of text/sound track or separate title eng
050 00 - LIBRARY OF CONGRESS CALL NUMBER
Classification number 696.9 $2 21
100 1# - MAIN ENTRY--PERSONAL NAME
Personal name Clark, William H.
245 00 - TITLE STATEMENT
Title Retrofitting for energy conservation
260 3# - PUBLICATION, DISTRIBUTION, ETC.
Place of publication, distribution, etc. New York
Name of publisher, distributor, etc. McGraw-Hill
Date of publication, distribution, etc. 1997
300 ## - PHYSICAL DESCRIPTION
Extent xiii, 434p.
Dimensions 24cm.
350 ## - PRICE (NR) (BK AM CF MU VM SE) [OBSOLETE]
Price 30.99
520 ## - SUMMARY, ETC.
Summary, etc. A guide to plans, methods, tools and materials for improving energy conservation in existing structures. Gives step by step help in retrofitting any residence or light commercial building for energy savings.
690 ## - LOCAL SUBJECT ADDED ENTRY--TOPICAL TERM (OCLC, RLIN)
Topical term or geographic name as entry element BUILT ENVIRONMENT-SUSTAINABLE CONSTRUCTION
942 ## - ADDED ENTRY ELEMENTS (KOHA)
Suppress in OPAC 0
Holdings
Withdrawn status Lost status Source of classification or shelving scheme Damaged status Not for loan Home library Current library Shelving location Date acquired Cost, normal purchase price Total Checkouts Full call number Barcode Date last seen Date last checked out Copy number Cost, replacement price Price effective from Koha item type
    Dewey Decimal Classification     London London Books 05/12/2005 26.34 1 696.9 CLA 30071367 06/08/2019 14/11/2006 1 26.34 06/08/2019 Book